Fundamentals of Database Management Systems (Record no. 147333)

MARC details
000 -LEADER
fixed length control field 00373nam a2200145Ia 4500
008 - FIXED-LENGTH DATA ELEMENTS--GENERAL INFORMATION
fixed length control field 230917s9999||||xx |||||||||||||| ||und||
040 ## - CATALOGING SOURCE
-- 121539
Original cataloging agency VIVEKANANDA LIBRARY
041 ## - Language
-- English
082 ## - DDC NUMBER
Classification number 005.74 G412F
100 ## - MAIN ENTRY--PERSONAL NAME
Personal name Gillenson, Mark L
245 #0 - TITLE STATEMENT
Title Fundamentals of Database Management Systems
260 ## - PUBLICATION, DISTRIBUTION, ETC. (IMPRINT)
Place of publication, distribution, etc New Delhi
Name of publisher, distributor, etc Wiley India
Date of publication, distribution, etc 2005
300 ## - PHYSICAL DESCRIPTION
Pages 366 p.
942 ## - ADDED ENTRY ELEMENTS (KOHA)
Koha item type Books
Holdings
Withdrawn status Lost status Damaged status Not for loan Location (home branch) Sublocation or collection (holding branch) Date acquired Koha issues (times borrowed) Koha full call number Accession No. Koha date last seen Koha item type Shelving location
        VIVEKANANDA LIBRARY VIVEKANANDA LIBRARY 11/02/2009 1 005.74 G412F 262508 27/01/2025 Books  
        VIVEKANANDA LIBRARY VIVEKANANDA LIBRARY 11/02/2009   005.74 G412F 262509 17/09/2023 Books  
        VIVEKANANDA LIBRARY VIVEKANANDA LIBRARY 11/02/2009   005.74 G412F 262510 17/09/2023 Books  
        VIVEKANANDA LIBRARY VIVEKANANDA LIBRARY 11/02/2009 1 005.74 G412F 262511 22/04/2025 Books  
        VIVEKANANDA LIBRARY VIVEKANANDA LIBRARY 11/02/2009   005.74 G412F 262512 17/09/2023 Books  
        VIVEKANANDA LIBRARY VIVEKANANDA LIBRARY 11/02/2009 1 005.74 G412F 286263 02/12/2025 Books UIET Library
        VIVEKANANDA LIBRARY VIVEKANANDA LIBRARY 11/02/2009   005.74 G412F 286264 17/09/2023 Books UIET Library
        VIVEKANANDA LIBRARY VIVEKANANDA LIBRARY 11/02/2009   005.74 G412F 286265 17/09/2023 Books UIET Library
© Designed and Maintained by Vivekananda Library, MDU Rohtak